| 000 | 00638cam a22002172 4500 | ||
|---|---|---|---|
| 001 | 0000003350 | ||
| 005 | 20151217155820.0 | ||
| 008 | 070503s xx 000 0 eng d | ||
| 040 |
_aKABU _cKABU |
||
| 050 | 0 |
_aJQ1879 _b.A15J46 |
|
| 100 | 1 |
_aJennings, Ivor. _@0000153208 |
|
| 240 | 1 | _aDemocracy in Africa. | |
| 245 | 1 | 0 | _aDemokrasi katika Africa=Democracy in Africa. |
| 260 |
_aNairobi : _bEALB, _c1962. |
||
| 300 | _a123 p. | ||
| 650 | 0 |
_aDemocracy _zAfrica. _@0000153209 |
|
| 651 | 0 |
_aAfrica _xPolitics and government. _@0000148665 |
|
| 908 | _a070503 | ||
| 950 | _@1 | ||
| 999 |
_c12818 _d12818 |
||